000 00919nam a2200229Ia 4500
003 Ost
005 20260507075050.0
008 260507s9999||||xx |||||||||||||| ||und||
020 _a9775160950
040 _cfsecg
041 _aara
082 _a340
100 _aخالد، هشام
_eمؤلف
245 0 _aالمدخل للقانون الدولي الخاص العربي :
_bنشأته-مباحثه-مصادره-طبيعته /
_c هشام خالد
260 _aالاسكندرية:
_bدار الفكر الجامعي,
_c2003
300 _a456 صفحة؛
_c25 سم
504 _aببليوغرافيا: ص.413
520 _aموضوع القانون الدولي الخاص-مصادر القانون الدولي الخاص-طبيعة القانون الدولي الخاص وتعريفه
653 _aالقانون الدولي
653 _aالقانون الدولي الخاص
942 _cكتاب
999 _c42634
_d42634